000 01276cam a22003617a 4500
003 CHAP
005 20220329142310.0
008 000524d2000 mx r 00110 spa d
010 _a81257
011 _a82229
035 _a92717
040 _cCHAP
090 _aTesis
100 0 0 _aBarbosa Rodríguez, Gustavo.
_910128
245 1 0 _aDeterminación de coeficientes de difusión de humedad de la madera de dos especies del género Quercus
_c/por Gustavo Barbosa Rodríguez
260 _aChapingo, Méx. :
_bEl autor,
_c2000.
300 _a89 h.
502 _aTesis (Ing. Forestal con Orientación en Industrias) -- UACH. División de Ciencias Forestales
590 _aALEPH
_b10
_c20130110
_lUCH01
_h1435
590 _aBATCH-UPD
_b10
_c20130110
_lUCH01
_h0512
590 _aBATCH-UPD
_b10
_c20130410
_lUCH01
_h0150
590 _aBATCH-UPD
_b10
_c20130914
_lUCH01
_h0536
590 _aCONVERSION
_b10
_c20130109
_lUCH01
_h1345
650 1 4 _aMadera
_xEstructura.
_969607
650 1 4 _aMadera
_xHumedad.
_969610
650 1 4 _aMadera
_xPropiedades y usos.
_969621
650 1 4 _aQuercus.
_993173
901 _aBK
905 _aLilia Sánchez G.
942 _cFOLL
949 _bBC
_cTES
_d33724000778940
_eTS2
_fc.2
_h36380
_i92717
_sb
949 _bBC
_cTES
_d927171
_eTS1
_h36379
_i92717
_sb
999 _c81257
_d81257